000 00319 a2200121 4500
001 34110
082 _a621.3192 FOG
090 _c22559
_d22559
100 _aFogiel M
245 _aThe Electric Circuits problem solver
_bproblem solver
260 _aNY
_bResearch and Education association
_c1987
300 _a1172P.
942 _aNUST-CAE
_k621.3192 DIR
999 _c269183
_d269183